000 00427nam a22001337a 4500
082 _a624.15
_bGAR
_cN-02,P-100
100 _aGarg, Dr Sunil
_951802
245 _aAdvance foundation engineering
_bGeotechnical engineering series
260 _aNew Delhi,
_bRandom Publication,
_c2016.
300 _a299p.
_bill.
_c24cm.
526 _a0
_b0
_c0
_d624_150000000000000_GAR
650 _aFoundation engineering
_951803
942 _2ddc
_cBK
999 _c554352
_d554352